Statystyki dla 12 x 12 Tabela Mnożenia - Dwuminutowy Sprint

Kliknij tutaj aby rozwiązać quiz!

Ogólne statystyki

  • Ten quiz został rozwiązany 77 340 razy
  • Średni wynik to 107 z 144

Statystyki odpowiedzi

#% Poprawnych
1
100%
3
100%
4
100%
5
100%
6
100%
8
100%
2
100%
12
99%
7
99%
9
99%
10
98%
14
94%
11
93%
20
93%
16
92%
18
91%
24
91%
15
88%
30
88%
22
84%
36
82%
40
82%
21
81%
25
79%
28
76%
27
75%
50
75%
60
73%
33
70%
35
70%
32
69%
45
67%
44
65%
48
65%
55
64%
70
60%
100
60%
90
57%
42
57%
80
57%
66
52%
72
51%
56
50%
49
50%
54
49%
77
46%
88
44%
99
43%
144
42%
64
42%
81
41%
120
41%
63
40%
121
40%
110
39%
84
31%
96
28%
132
24%
108
22%

Rozkład punktacji

Percentyl według liczby udzielonych odpowiedzi

Procent ludzi z każdym wynikiem

Twoja historia wyników

Nie rozwiązałeś tego quizu